[Event "Uppsala Young Champions"]
[Site "Uppsala"]
[Date "2018.10.27"]
[Round "3"]
[White "Apol, Luitjen Akselsson"]
[Black "Buchert, Vitus"]
[Result "1/2-1/2"]
[WhiteElo "1735"]
[BlackElo "1828"]
[PlyCount "119"]
[EventDate "2018.10.26"]
[EventType "swiss"]
[EventRounds "9"]
[EventCountry "SWE"]
[SourceTitle "CBM 187 Extra"]
[Source "ChessBase"]
[SourceDate "2018.11.04"]
[SourceVersion "1"]
[SourceVersionDate "2018.11.04"]
[SourceQuality "1"]

1. e4 c5 2. Nf3 d6 3. d4 cxd4 4. Nxd4 Nf6 5. Nc3 g6 6. Be3 Bg7 7. f3 Nc6 8. Qd2 0-0 9. 0-0-0 d5 10. exd5 Nxd5 11. Nxc6 bxc6 12. Bd4 e5 13. Bc5 Be6 14. Ne4 Qh4 15. Bxf8 Rxf8 16. g3 Qe7 17. Bc4 Rb8 18. Bb3 f5 19. Ng5 e4 20. Nxe6 Qxe6 21. fxe4 fxe4 22. Rhe1 Kh8 23. c3 Qh3 24. Bxd5 cxd5 25. Kb1 Qf5 26. Ka1 Rd8 27. Qf4 Qh5 28. Qh4 Qxh4 29. gxh4 Bf6 30. h5 gxh5 31. c4 Rb8 32. Re2 dxc4 33. Rc1 Rd8 34. Kb1 e3 35. Rxc4 Bd4 36. Rec2 Kg7 37. Rc7+ Kg6 38. Rg2+ Kf6 39. Rxh7 Re8 40. Re2 Kg5 41. Kc2 Kf4 42. Kd3 Rd8 43. Rf7+ Bf6+ 44. Kc2 Rd6 45. Rxa7 Kf3 46. Rxe3+ Kxe3 47. b4 Rd2+ 48. Kb3 Rxh2 49. a4 Rb2+ 50. Kc4 h4 51. Rh7 Kf4 52. a5 Kg3 53. a6 h3 54. a7 Ra2 55. b5 Bd8 56. Rh8 Rxa7 57. Rxd8 h2 58. Rd1 Rc7+ 59. Kb4 Kg2 60. Rd2+ 1/2-1/2

[Event "Uppsala Young Champions op"]
[Site "Uppsala"]
[Date "2016.11.01"]
[Round "7"]
[White "Crevatin, Leo"]
[Black "Buchert, Vitus"]
[Result "0-1"]
[WhiteElo "2030"]
[BlackElo "1782"]
[PlyCount "102"]
[EventDate "2016.10.28"]
[EventType "swiss"]
[EventRounds "9"]
[EventCountry "SWE"]
[SourceTitle "CBM 175 Extra"]
[Source "ChessBase"]
[SourceDate "2016.12.12"]
[SourceVersion "1"]
[SourceVersionDate "2016.12.12"]
[SourceQuality "1"]

1. d4 Nf6 2. Bf4 d5 3. e3 e6 4. c3 c5 5. Nd2 Be7 6. h3 0-0 7. Ngf3 Nc6 8. Bd3 b6 9. 0-0 Bb7 10. Bh2 Bd6 11. Ne5 Qc7 12. f4 Nd7 13. Qh5 f5 14. Nxd7 Qxd7 15. a3 Qf7 16. Qxf7+ Rxf7 17. Bg3 Nb8 18. Bh4 Ba6 19. Bxa6 Nxa6 20. Rac1 Nc7 21. Kf2 Ne8 22. Ke2 Rc8 23. b4 cxb4 24. cxb4 Rfc7 25. Rxc7 Rxc7 26. Kd3 Bf8 27. Rb1 Nd6 28. Rb3 b5 29. Rc3 Rxc3+ 30. Kxc3 Nc4 31. Nxc4 dxc4 32. Kc2 Kf7 33. Be1 Ke7 34. Bc3 Kd6 35. Kd2 Kd5 36. Ke2 Ke4 37. Bd2 Be7 38. g3 g5 39. Be1 gxf4 40. gxf4 Bf6 41. Bc3 Bh4 42. Bd2 Bg3 43. Bc3 h5 44. Bb2 h4 45. Bc3 Bh2 46. Be1 Bg1 47. Bd2 a6 48. Be1 Bxe3 49. Bxh4 c3 50. Be1 c2 51. Bd2 c1Q 0-1

[Event "SWE-chT U16 final"]
[Site "Lund"]
[Date "2016.08.14"]
[Round "5.3"]
[White "Buchert, Vitus"]
[Black "Rosager, Sixten"]
[Result "1/2-1/2"]
[WhiteElo "1683"]
[BlackElo "1556"]
[PlyCount "40"]
[EventDate "2016.08.12"]
[EventType "team-tourn"]
[EventRounds "5"]
[EventCountry "SWE"]
[SourceTitle "EXT 2019"]
[Source "ChessBase"]
[SourceDate "2018.10.10"]
[SourceVersion "1"]
[SourceVersionDate "2018.10.10"]
[SourceQuality "1"]
[WhiteTeam "Upsala"]
[BlackTeam "Lund"]
[WhiteTeamCountry "SWE"]
[BlackTeamCountry "SWE"]

1. e4 d6 2. d4 Nf6 3. Nc3 e5 4. Nf3 Bg4 5. dxe5 Bxf3 6. Qxf3 dxe5 7. Bg5 Be7 8. Rd1 Qc8 9. Bc4 0-0 10. 0-0 Nc6 11. Ne2 Rd8 12. c3 Qg4 13. Qxg4 Nxg4 14. Bxe7 Nxe7 15. Ng3 Nc6 16. Be2 Nf6 17. h3 Rxd1 18. Rxd1 Rd8 19. Kf1 Rxd1+ 20. Bxd1 Kf8 1/2-1/2

[Event "Sweden-Iceland m U20"]
[Site "Uppsala"]
[Date "2015.10.03"]
[Round "2.10"]
[White "Buchert, Vitus"]
[Black "Davidsson, Joshua"]
[Result "1-0"]
[WhiteElo "1602"]
[BlackElo "1448"]
[PlyCount "73"]
[EventDate "2015.10.03"]
[EventType "match"]
[EventRounds "4"]
[EventCountry "SWE"]
[SourceTitle "CBM 169 Extra"]
[Source "ChessBase"]
[SourceDate "2015.12.18"]
[SourceVersion "1"]
[SourceVersionDate "2015.12.18"]
[SourceQuality "1"]

1. e4 e5 2. Nf3 Nc6 3. Bc4 d6 4. d4 exd4 5. Nxd4 Nxd4 6. Qxd4 Nf6 7. 0-0 Be7 8. Nc3 0-0 9. Bf4 Be6 10. Bxe6 fxe6 11. Qc4 Qd7 12. Rad1 Ng4 13. e5 d5 14. Bg3 Nh6 15. Qb3 b6 16. Ne2 Nf5 17. c4 c6 18. Nf4 Bg5 19. Ne2 Rfc8 20. Bf4 Qe7 21. Bc1 Bxc1 22. Rxc1 Qg5 23. cxd5 cxd5 24. Rxc8+ Rxc8 25. Qa4 Qd2 26. Qd7 Rf8 27. Qxe6+ Kh8 28. Ng3 Nxg3 29. hxg3 Qxb2 30. Qxd5 Qc3 31. e6 Re8 32. Qd7 Qc8 33. Rd1 h6 34. Qxc8 Rxc8 35. e7 Kh7 36. Rd8 Rxd8 37. exd8Q 1-0